00237nam a2200097Ia 4500100003500000654001400035245004000049260001900089082001900108546001200127 aKulkarni/ A.D./ Barapte/ R.A.  amaterials aEngineering Materials & Components bTechnovac1999 a621.3bKUL/BAR aENGLISH